000 00472nam a2200169Ia 4500
003 OSt
005 20211125120426.0
008 190216s9999||||xx |||||||||||||| ||und||
040 _coclc
082 _a894.8124
_bMUH/M
100 _aMuhammed, N P
_96534
245 0 _aManushyakam /
_cN P Muhammed
260 _bPoorna Publication,
_aKozhikode:
300 _a134p
650 _aEssay Malayalam
942 _cBK
_2ddc
_h894.8124
_iMUH/M
_k894.8124
_mMUH/M
999 _c26433
_d26433